Francisci Xaverii Alegrii americani veracrucensis Homeri Ilias latino carmine expressa, cui accedit ejusdem Alexandrias, sive, De expurgatione Tyri ab Alexandro Macedone. Libri quatuor

Detalles Bibliográficos
Autor principal: Homero
Otros Autores: Alegre, Francisco Javier, S. J., 1729-1788, tr
Formato: Libro
Lenguaje:Latin
Publicado: Bononiae : typis Ferdinandi Pisarri, 1776.
Materias:
Colección:Banco de datos
Acervo:Seminario Conciliar de Nuestra Señora de Guadalupe Querétaro. Qro.. Biblioteca Florencio Rosas. Fondo Reservado
Descripción Física:2 t. ; 4°
Tema general:Literatura griega
Notas:Portada tipográfica con grabado central calcográfico. Texto a renglón seguido con paginación en números arábigos, cornisas, signaturas, reclamos y notas a pie de página. Cada tomo con portada y paginación propias. Los t. 1-2 publicados en 1776. Paginación: t. 1 [1] h., 300 p., [1] h.; t. 2 293 p. Incluyen cabeceras de título, letras capitulares y viñetas finales historiadas y con motivos florales en grabado calcográfico y xilográfico. Encuadernación en piel sobre cartón con cantos marmoleados (2715-2716). Daños de humedad (2715-2716)
LEADER 01490nam a22002050004500
035 |a 1466 
041 0 |a lat 
100 1 |a Homero 
245 1 0 |a Francisci Xaverii Alegrii americani veracrucensis Homeri Ilias latino carmine expressa, cui accedit ejusdem Alexandrias, sive, De expurgatione Tyri ab Alexandro Macedone. Libri quatuor  
260 |a Bononiae : typis Ferdinandi Pisarri, 1776. 
300 |a 2 t. ; 4° 
500 |a Portada tipográfica con grabado central calcográfico. Texto a renglón seguido con paginación en números arábigos, cornisas, signaturas, reclamos y notas a pie de página. Cada tomo con portada y paginación propias. Los t. 1-2 publicados en 1776. Paginación: t. 1 [1] h., 300 p., [1] h.; t. 2 293 p. Incluyen cabeceras de título, letras capitulares y viñetas finales historiadas y con motivos florales en grabado calcográfico y xilográfico. Encuadernación en piel sobre cartón con cantos marmoleados (2715-2716). Daños de humedad (2715-2716) 
505 0 0 |a t. 1 Libros Iliadis quatuordecim priores complectenst.-- 2 Libros Iliadis posteriores decem, & Alexandriadem complectens 
650 1 0 |a Literatura griega 
700 1 |a Alegre, Francisco Javier, S. J., 1729-1788, tr. 
740 0 |a De expurgatione Tyri ab Alexandro Macedone 
949 |a Fondo Reservado: t. 1 (2715); t. 2 (2716) 
942 |c QUER-RES 
943 |g Seminario Conciliar de Nuestra Señora de Guadalupe Querétaro. Qro.. Biblioteca Florencio Rosas. Fondo Reservado 
999 |c 1109130  |d 1109130